000
00260nam a2200109Ia 4500
008
200302s9999 xx 000 0 und d
100
_a
Francesca Prina
245
_a
The Story of Gothic Architecture
260
_b
Prestel/ London
260
_c
2011
300
_a
142
999
_c
4485
_d
4485